00562nam a22002057a 450000500170000001000130001702000150003003500130004503700160005804000120007408200170008610000220010324500560012526000380018127000080021930000240022750000480025165000280029965000290032720170124105913.0 aA-437515 a0814201989 aA-437515 bCen Lib/Ret aDPLbEN a32.0947bQUI aQuigley, John B.  aSoviet foreign trade monopoly /cby John B. Quigley aUSAbOhio University Press c1974 bUSA aix, 256p.c23cm(Hb) aincludes bibliographic references and index aForeign Trade zRussia  aCommercial Law zRussia